000 01175nam a2200325 i 4500
003 EG-GICUC
005 20260121101551.0
008 251229s2007 ua ||||fr|||| 00| 0 ara d
017 _a2006/4938
020 _a977-328-203-9
040 _a EG-GICUC
_bara
_c EG-GICUC
_d EG-GICUC
_erda
041 0 _aara
082 0 4 _221
_a345.45
_bح م . ض
092 0 4 _221
099 _aLaw1 07 345.45 ح م . ض 2007
100 0 _aحمد محمد حمد الشلمانى
_eمؤلف.
245 1 0 _aضمانات التأديب فى الوظيفة العامة /
_cتأليف حمد محمد حمد الشلمانى.
264 1 _aالإسكندرية :
_bدار المطبوعات الجامعية،
_c2007.
300 _a330 ؛ صفحة
_c24 سم.
336 _2rda content
_atext
337 _2rda media
_aComputer
338 _2rda carrier
_aOnline Resource
504 _a. 321-327 ببليوجرافيا: صفحات
546 _aالنص باللغة العربية
650 1 4 _aالسلطات التاديبية
650 1 4 _aالقانون الإدارى
856 4 0 _uhttps://fll.law.cu.edu.eg/fulltext/bks/B07-01995.pdf
905 _a77
942 _2ddc
_cBK
_e21
_n0
999 _c53212
_d53212